|
|
|
|
| LEADER |
00000cam a2200000 7i4500 |
| 001 |
0000003436 |
| 005 |
20060320.0 |
| 090 |
0 |
0 |
|a 658
|b MAL
|
| 245 |
1 |
0 |
|a Laporan Suruhanjaya Diraja Penambahbaikan Perjalanan dan Pengurusan Polis Diraja Malaysia
|
| 260 |
0 |
0 |
|a Kuala Lumpur :
|b Suruhanjaya Diraja Penambahbaikan Perjalanan dan Pengurusan Polis Diraja Malaysia ,
|c 2005
|
| 300 |
|
|
|a vi, 149ms. :
|b il. wrn. ;
|c 30cm.
|
| 650 |
0 |
0 |
|a Report writing
|x Suruhanjaya Diraja Penambahbaikan Perjalanan dan Pengurusan Polis Diraja
|z Malaysia
|
| 999 |
|
|
|a 0000006426
|b Monograph
|c Open Shelf
|e Default branch
|